| 000 | 00607nam a2200145Ia 4500 | ||
|---|---|---|---|
| 008 | 151213s9999 xx 000 0 und d | ||
| 100 | _aমোহাম্মদ আনোয়ার খান। | ||
| 245 |
_aচিরজীব ওসমানী । _cমোহাম্মদ আনোয়ার খান। |
||
| 260 |
_aসিলেট। _bওসমানী স্মারক গ্রন্থ প্রকাশনী। _c1988 |
||
| 300 | _a8748 p. | ||
| 650 | _aBangla | ||
| 650 | _aজীবনী। | ||
| 700 | _aমোহাম্মদ আনোয়ার খান। | ||
| 999 |
_c4533 _d4533 |
||